The East African Community Development Strategy 2001-2005 (Record no. 1480)

MARC details
000 -LEADER
fixed length control field 00380nam a22001457a 4500
008 - FIXED-LENGTH DATA ELEMENTS--GENERAL INFORMATION
fixed length control field 230620b xxu||||| |||| 00| 0 eng d
020 ## - INTERNATIONAL STANDARD BOOK NUMBER
International Standard Book Number 998766606X
082 ## - DEWEY DECIMAL CLASSIFICATION NUMBER
Classification number 307.14
Item number EAC
100 ## - MAIN ENTRY--PERSONAL NAME
Titles and words associated with a name EAC
110 ## - MAIN ENTRY--CORPORATE NAME
Subordinate unit EAC
Location of meeting Arusha
Date of meeting or treaty signing 2001
245 ## - TITLE STATEMENT
Title The East African Community Development Strategy 2001-2005
260 ## - PUBLICATION, DISTRIBUTION, ETC. (IMPRINT)
Place of publication, distribution, etc. Arusha
Name of publisher, distributor, etc. EAC Secretariat
Date of publication, distribution, etc. 2001
300 ## - PHYSICAL DESCRIPTION
Extent 68p
942 ## - ADDED ENTRY ELEMENTS (KOHA)
Source of classification or shelving scheme Dewey Decimal Classification
Koha item type Books
Holdings
Withdrawn status Lost status Source of classification or shelving scheme Damaged status Not for loan Home library Current library Date acquired Total Checkouts Full call number Barcode Date last seen Price effective from Koha item type
    Dewey Decimal Classification     County Hall Archives County Hall Archives 06/20/2023   307.14 EAC 10007790 06/20/2023 06/20/2023 Books
LIBRARY OPENING HOURS

When the Parliament is sitting: 8.00a.m - 7.00p.m or until the house adjourns
Mondays and Fridays and when the House is on Recess:  8.00a.m - 5.00p.m
Closed on Weekends and Public Holidays

Online Public Access Catalog (OPAC)
Website: http://www.parliament.go.ke
Bunge Library: https://libraryir.parliament.go.ke
Contact: library@parliament.go.ke | Tel no: (254-2)2221291 or 2848000 Ext 5043